banner koha

Natural parasitism by Trichogramma spp. in agroecosystems of the Mid-North, Brazil (Registro n. 327933)

MARC details
000 -LÍDER
fixed length control field 02537nab a2200289 i 4500
003 - CÓDIGO MARC DA AGÊNCIA CATALOGADORA
Campo de controle BR-BrBNA
005 - DATA E HORA DA ÚLTIMA ATUALIZAÇÃO
Campo de controle 20241004145254.0
008 - CAMPO DE TAMANHO FIXO
fixed length control field 241004b2016 bl.mr|pooa||| 00| 0 eng |
040 ## - FONTE DA CATALOGAÇÃO
Agência catalogadora BR-BrBNA
Idioma da catalogação eng
072 ## - CATEGORIA AGRIS
Código AGRIS H10
100 ## - ENTRADA PRINCIPAL - NOME PESSOAL
Nome pessoal Querino, Ranyse Barboa
100 ## - ENTRADA PRINCIPAL - NOME PESSOAL
Nome pessoal Silva, Nadja Nara Pereira da
100 ## - ENTRADA PRINCIPAL - NOME PESSOAL
Nome pessoal Zucchi, Roberto Antonio
245 ## - TÍTULO PRINCIPAL
Título principal Natural parasitism by Trichogramma spp. in agroecosystems of the Mid-North, Brazil
500 ## - NOTA GERAL
Nota geral Publicação on-line; 7 ref.; 2 tables; Sumaries (En, Pt)
942 ## - ADDED ENTRY ELEMENTS (KOHA)
Koha item type Analítica
520 ## - NOTA DE RESUMO
Nota de conteúdo <br/><br/>ABSTRACT - The micro-hymenopterans of genus Trichogramma are eggs parasitoids used in the biological control of lepidopteran pests. The objectives of this study was to record the interaction of species of Trichogramma and their hosts on crops in the Mid-North, in the states of Maranhão and Piauí, Brazil. Lepidopteran eggs were sampled on crops and non-crops. Trichogramma atopovirilia, T. manicobai, T. galloi and T. pretiosum occur naturally in eggs of eight lepidopteran species. Natural parasitism shown by Trichogramma species reveals the importance of these parasitoids as agents for biological control in the Mid-North region.<br/><br/>Key words: egg parasitoid, biological control, lepidopteran pests
520 ## - NOTA DE RESUMO
Nota de conteúdo <br/><br/>RESUMO - Os micro-himenópteros do gênero Trichogramma são parasitoides de ovos utilizados no controle biológico de lepidópteros. Os objetivos deste estudo foram registrar as interações de espécies de Trichogramma e seus hospedeiros em culturas agrícolas do Meio-Norte, nos estados do Maranhão e Piauí. Foram amostrados ovos de lepidópteros em culturas agrícolas e plantas não cultivadas. Trichogramma atopovirilia, T. manicobai, T. galloi e T. pretiosum ocorreram naturalmente parasitando ovos de oito espécies de lepidópteros. O parasitismo natural evidencia a importância das espécies de Trichogramma como agente de controle biológico de pragas na região do Meio-Norte.<br/><br/>Palavras-chave: parasitoides de ovos, controle biológico, lepidópteros-praga.
650 ## - ASSUNTO - THESAGRO
Cabeçalho tópico ou nome geográfico PRAGA DE PLANTA
650 ## - ASSUNTO - THESAGRO
Cabeçalho tópico ou nome geográfico TRICHOGRAMMA SP.
650 ## - ASSUNTO - THESAGRO
Cabeçalho tópico ou nome geográfico CONTROLE BIOLÓGICO
650 ## - ASSUNTO - THESAGRO
Cabeçalho tópico ou nome geográfico MARANHÃO
650 ## - ASSUNTO - THESAGRO
Cabeçalho tópico ou nome geográfico PIAUÍ
773 0# - ENTRADA ANALÍTICA
Host Biblionumber 2408
Registro do item 314931
Imprenta Santa Maria-RS Universidade Federal de Santa Maria - Centro de Ciências Rurais 1991
Outro identificador 2024-1182
Título Ciência Rural (Brazil)
ISSN 0103-8478
Colação v. 46(9) p. 1521-1523; (2016)
Número de controle de registro BR2024001751
856 ## - ACESSO E ENDEREÇO ELETRÔNICO
Identificador uniforme de recurso - URI https://www.scielo.br/j/cr/a/HjMmvRNGFfLyrP8MThXTXBb/?format=pdf&lang=en

Nenhum exemplar disponível.

BINAGRI

Telefone: (61)3218-2567/2388/3357/2097 - binagri@agro.gov.br

Ministério da Agricultura e Pecuária , Esplanada dos Ministérios, Bloco D, Anexo B, Brasília/DF, CEP: 70.043-900